China in decay : (Record no. 553041)

000 -LEADER
fixed length control field 00553cam a2200157 a 4500
082 ## - DEWEY DECIMAL CLASSIFICATION NUMBER
Classification number 951
Author Mark KRA
100 1# - MAIN ENTRY--PERSONAL NAME
Personal name Krausse, Alexis Sidney,
9 (RLIN) 50283
245 10 - TITLE STATEMENT
Title China in decay :
Remainder of title the story of a disappearing empire /
Statement of responsibility, etc. by Alexis Krausse.
250 ## - EDITION STATEMENT
Edition statement Rev. ed., bringing the history of China down to June 1900.
260 ## - PUBLICATION, DISTRIBUTION, ETC.
Place of publication, distribution, etc. London :
Name of publisher, distributor, etc. Chapman & Hall,
Date of publication, distribution, etc. 1900.
300 ## - PHYSICAL DESCRIPTION
Extent 400 p. :
Other physical details ill. ;
Dimensions 23 cm.
500 ## - GENERAL NOTE
General note Three folded maps inserted.
526 ## - STUDY PROGRAM INFORMATION NOTE
Program name 0
Interest level 0
Reading level 0
Title point value 951_000000000000000_KRA
650 #0 - SUBJECT ADDED ENTRY--TOPICAL TERM
Topical term or geographic name entry element Eastern question (Far East)
9 (RLIN) 49504
942 ## - ADDED ENTRY ELEMENTS (KOHA)
Source of classification or shelving scheme
Koha item type Book
Holdings
Withdrawn status Lost status Source of classification or shelving scheme Damaged status Not for loan Permanent Location Current Location Shelving location Date acquired Total Checkouts Full call number Barcode Date last seen Price effective from Koha item type
          Military College of Engineering (MCE) Military College of Engineering (MCE)   01/28/2015   951 KRA MCE-ECC-8 01/28/2015 01/28/2015 Book
© 2023 Central Library, National University of Sciences and Technology. All Rights Reserved.